[Event "Monaco Sulava Memorial 1st"]
[Site "Monte Carlo"]
[Date "2019.11.29"]
[Round "1"]
[White "Socko, Monika"]
[Black "Daif, Sarah"]
[Result "1-0"]
[WhiteElo "2286"]
[BlackElo "1752"]
[PlyCount "65"]
[EventDate "2019.11.29"]
[EventType "swiss"]
[EventRounds "9"]
[EventCountry "MNC"]
[SourceTitle "CBM 193 Extra"]
[Source "ChessBase"]
[SourceDate "2020.01.31"]
[SourceVersion "1"]
[SourceVersionDate "2020.01.31"]
[SourceQuality "1"]

1. d4 d5 2. c4 c6 3. Nf3 Nf6 4. Nbd2 Bf5 5. Nh4 Bg6 6. Qb3 Qc7 7. Nxg6 hxg6 8. g3 e6 9. Bg2 Nbd7 10. 0-0 Be7 11. e4 dxe4 12. Nxe4 Nxe4 13. Bxe4 Nf6 14. Bg2 0-0 15. Bf4 Qb6 16. Rfd1 Qxb3 17. axb3 Nh5 18. Be3 Rfd8 19. d5 exd5 20. cxd5 cxd5 21. Bxd5 Rac8 22. Bxb7 Rxd1+ 23. Rxd1 Rc2 24. Rd7 Bf6 25. Bd5 Bxb2 26. Bxf7+ Kh7 27. Rxa7 Nf6 28. Ra8 Re2 29. Kf1 Rc2 30. b4 Be5 31. b5 Rb2 32. b6 Rxb6 33. Bxb6 1-0

[Event "FRA-ch op-C"]
[Site "Pau"]
[Date "2012.08.19"]
[Round "6"]
[White "Dautheville, Simon"]
[Black "Daif, Sarah"]
[Result "1-0"]
[WhiteElo "1782"]
[BlackElo "1717"]
[PlyCount "57"]
[EventDate "2012.08.14"]
[EventType "swiss"]
[EventRounds "11"]
[EventCountry "FRA"]
[SourceTitle "EXT 2014"]
[Source "ChessBase"]
[SourceDate "2013.11.20"]
[SourceVersion "1"]
[SourceVersionDate "2013.11.20"]
[SourceQuality "1"]

1. d4 Nf6 2. c4 g6 3. Nc3 Bg7 4. e4 d6 5. Nf3 0-0 6. Be2 e5 7. 0-0 Nc6 8. d5 Ne7 9. Ne1 Ne8 10. Be3 f5 11. f3 f4 12. Bf2 h5 13. Nd3 g5 14. Rc1 Nf6 15. c5 a6 16. cxd6 cxd6 17. Na4 g4 18. Nb6 g3 19. Nxa8 gxf2+ 20. Nxf2 Ne8 21. Qc2 Rf7 22. Nc7 Bf8 23. Nh3 Rg7 24. Kh1 Kh8 25. Nxe8 Qxe8 26. Bd3 Qg6 27. Qf2 Qf6 28. Ng1 Ng6 29. Rxc8 1-0